| 000 | 00834nam a22002417a 4500 | ||
|---|---|---|---|
| 001 | 12482 | ||
| 003 | HDC | ||
| 007 | cr bn --- | ||
| 008 | 210210 my |0 eneng | ||
| 040 | _aHDC | ||
| 245 | 0 |
_aCODE OF RECOMMENDATIONS FOR THE WELFARE OF LIVESTOCK : _bMEAT CHICKENS AND BREEDING CHICKENS |
|
| 260 |
_a[No place]: _bDepartment for environment, Food & Rural Affairs, _c[no year] |
||
| 300 | _a28 pages | ||
| 336 |
_atext _2rdacontent |
||
| 337 |
_acomputer _2rdamedia |
||
| 338 |
_aonline resource _2rdacarrier |
||
| 650 |
_aFood supply _93374 |
||
| 650 |
_alivestock _92405 |
||
| 856 | _zRequest full-text at [email protected] | ||
| 942 | _2lcc | ||
| 942 | _cEBOOK | ||
| 942 | _kEBOK 001952 | ||
| 999 |
_c9805 _d9805 |
||